00418nam a2200169Ia 4500003000400000005001700004008004100021020001800062040000700080041000800087082002100095100001900116245004300135260003800178300001200216650002000228OSt20230403113602.0210423s2000 xx 000 0 und d a81-7167-437-2 cAL aeng a823.8 223bHART aHARDY (Thomas) aTess of the durbervilles: a pure women aNew DelhibRupa and Companyc2000 a448bPB aEnglish Fiction